Most Streamed JID Songs - Statistics

General Stats
  • This quiz has been taken 156 times
    101 since last reset
  • The average score is 8 of 20
Answer Stats
# Streams Answer % Correct
2 735,519,082 Surround Sound
99%
3 241,103,754 151 Rum
81%
1 1,856,389,621 Enemy
81%
8 133,819,370 Dance Now
75%
6 144,134,933 Off Deez
70%
9 129,784,826 NEVER
67%
17 59,072,964 Raydar
62%
11 82,373,346 Workin Out
49%
13 73,261,435 Stick
34%
7 136,512,189 Fuel
32%
20 54,555,347 EdEddnEddy
26%
4 229,543,619 Costa Rica
23%
5 208,878,199 Down Bad
23%
16 60,067,539 Bruuuh - Remix
15%
10 118,392,716 Options
8%
15 60,358,155 Danger (Spider)
5%
18 58,011,134 Wells Fargo
5%
12 78,991,973 Meditate
4%
14 68,667,361 Scatter Brain
4%
19 57,733,011 Sandstorm
3%
No matching quizzes found
Score Distribution
Percent of People with Each Score
Percentile by Number Answered
Your Score History
You have not taken this quiz since the last reset